Las 8 claves del liderazgo del monje que vendió su Ferrari / (Record no. 117622)

MARC details
000 -CABECERA
campo de control de longitud fija 00682nam a2200217 a 4500
005 - FECHA Y HORA DE LA ÚLTIMA TRANSACCIÓN
campo de control 20240928063750.0
008 - ELEMENTOS DE LONGITUD FIJA--INFORMACIÓN GENERAL
campo de control de longitud fija 060626s2003 mx r 000 0 spa d
020 ## - NÚMERO INTERNACIONAL NORMALIZADO PARA LIBROS
Número Internacional Estándar del Libro 8401378052
035 ## - NÚMERO DE CONTROL DEL SISTEMA
Número de control de sistema UPN01000145476
049 ## - COLECCIÓN
Colección CG
050 #4 - SIGNATURA TOPOGRÁFICA DE LA BIBLIOTECA DEL CONGRESO
Número de clasificación HD57.7
Número de documento/Ítem S5.6 2003
100 1# - ASIENTO PRINCIPAL--NOMBRE PERSONAL
Nombre de persona Sharma, Robin S.,
Fechas asociadas al nombre 1964-
245 14 - MENCIÓN DE TÍTULO
Título Las 8 claves del liderazgo del monje que vendió su Ferrari /
Mención de responsabilidad, etc. Robin S. Sharma ; tr. Enrique Benito.
250 ## - MENCIÓN DE EDICIÓN
Mención de edición 5a ed.
260 ## - PUBLICACIÓN, DISTRIBUCIÓN, ETC.
Lugar de publicación, distribución, etc. Barcelona :
Nombre del editor, distribuidor, etc. Plaza&Janés,
Fecha de publicación, distribución, etc. 2003.
300 ## - DESCRIPCIÓN FÍSICA
Extensión 286 p.
534 ## - NOTA SOBRE LA VERSIÓN ORIGINAL
Frase introductoria Título original :
Mención de título del original Leadership Wisdom from the Monk Who Sold
650 #4 - ASIENTO SECUNDARIO DE MATERIA - TERMINO TEMATICO
Término de materia o nombre geográfico como elemento de entrada Liderazgo
9 (RLIN) 5345
650 #4 - ASIENTO SECUNDARIO DE MATERIA - TERMINO TEMATICO
Término de materia o nombre geográfico como elemento de entrada Empresas
Subdivisión general Administración
9 (RLIN) 229
905 ## - TIPO DE MATERIAL
Tipo de material Libro
Holdings
Estado de retiro Estado de pérdida Fuente del sistema de clasificación o colocación Estado dañado No para préstamo Código de colección Localización permanente Ubicación/localización actual Ubicación en estantería Total de préstamos Clasificación Código de barras Fecha visto por última vez Número de copia Tipo de ítem Koha
    Library of Congress Classification     Colección General Bib. Gregorio Torres Quintero Bib. Gregorio Torres Quintero Planta baja 4 HD57.7 S5.6 2003 238418 31/12/2020 1 Libro